| 000 | 01072cam a22002651 4500 | ||
|---|---|---|---|
| 001 | agr11002031 | ||
| 003 | DLC | ||
| 005 | 20260227110933.0 | ||
| 008 | 920722s1911 dcua u000 0 eng | ||
| 010 | _aagr11002031 | ||
| 035 | _a(OCoLC)28456929 | ||
| 040 |
_aDLC _cMdBJ _dDLC |
||
| 050 | 0 | 0 |
_aSB958 _b.U197 no. 109 pt. 1 |
| 051 |
_aSB933 _b.U197 no. 109, pt. 1 |
||
| 100 | 1 |
_aMarch, Harold Oscar, _d1885-1919. |
|
| 245 | 0 | 0 |
_aPapers on insects affecting vegetables. _bThe Hawaiian beet webworm. [Hymenia fascialis Cram.] _cBy H. O. Marsh ... (With appendix by H. G. Dyar and F. H. Chittenden.) ... |
| 260 |
_aWashington, _bGovt. print. off., _c1911. |
||
| 300 |
_aiii, 15 p. _billus., pl. _c23 cm. |
||
| 490 | 1 |
_aU. S. Dept. of agriculture. Bureau of entomology. Bulletin _vno. 109, pt. 1 |
|
| 504 | _aBibliography: p. 15. | ||
| 650 | 0 | _aHawaiian beet web-worm. | |
| 700 | 1 |
_aChittenden, F. H. _q(Frank Hurlbut), _d1858-1929. |
|
| 700 | 1 |
_aDyar, Harrison G. _q(Harrison Gray), _d1866-1929. |
|
| 810 | 1 |
_aUnited States. _bBureau of Entomology. _tBulletin ; _vno. 109, pt. 1. |
|
| 999 |
_c8019 _d8019 |
||